Líneas de EMT Valencia - Estadísticas

Estadísticas generales
  • Esta prueba ha sido intentada 136 veces
    43 desde el último reinicio
  • La puntuación promedio es 56 de 82
Estadísticas de respuestas
Líneas Inicio % Correcto
9 Estació del Nord
89%
14 Estació del Nord
89%
19 Estació del Nord
89%
28 Estació del Nord
89%
35 Estació del Nord
89%
40 Estació del Nord
89%
62 Estació del Nord
89%
63 Estació del Nord
89%
67 Estació del Nord
89%
72 Estació del Nord
89%
73 Estació del Nord
89%
81 Estació del Nord
89%
19 La Malva-Rosa
89%
10 Benimaclet
81%
6 Hospital La Fe
81%
64 Hospital La Fe
81%
18 Universitats
81%
40 Universitats
81%
71 Universitats
81%
71 La Llum
78%
99 Palau de Congressos
78%
4 Pl. de l'ajuntament
78%
6 Torrefiel
78%
60 Torrefiel
78%
70 Alboraia
74%
64 Benicalap
74%
92 Campanar
74%
94 Campanar
74%
11 Patraix
74%
16 Poeta Querol
74%
26 Poeta Querol
74%
93 Av. del Cid
70%
81 Blasco Ibáñez
70%
11 Els Orriols
70%
70 La Fontsanta
70%
27 La Torre
70%
26 Moncada/Alfara
70%
8 Porta de la Mar
70%
C3 Ronda Trànsits
70%
98 Av. del Cid
67%
24 El Palmar
67%
25 El Perelló
67%
92 La Malva-Rosa
67%
99 La Malva-Rosa
67%
7 Mercat Central
67%
27 Mercat Central
67%
4 Natzaret
67%
13 Porta de la Mar
67%
23 Porta de la Mar
67%
24 Porta de la Mar
67%
25 Porta de la Mar
67%
72 Sant Isidre
67%
16 Vinalesa
67%
62 Benimàmet
63%
C1 Centre Històric
63%
31 Estació Joaquín Sorolla
63%
9 Forn d'Alcedo
63%
23 Forn d'Alcedo
63%
31 La Patacona
63%
30 Natzaret
63%
12 Ciutat Artista Faller
59%
7 Fonteta de Sant Lluís
59%
C2 Grans vies
59%
30 Hospital Clínic
59%
18 Hospital Dr. Peset
59%
8 Malilla Turianova
59%
12 Pl. Amèrica
59%
10 Sant Marcel·lí
59%
14 Castellar
56%
95 Jardí del Túria
56%
32 Passeig Marítim
56%
93 Passeig marítim
56%
73 Tres creus
56%
94 Av. França
52%
63 Campus Burjassot
52%
28 Ciutat Artista Faller
52%
98 Estació Cabanyal
52%
67 Nou Campanar
41%
35 Illes Canàries
37%
60 Av. de l'oest
33%
13 Fonteta de Sant Lluís
30%
32 Pl. de l'ajuntament
22%
No se encontraron pruebas coincidentes
Distribución de puntuación
Porcentaje de gente con cada puntuación
Porcentaje por número respondido
Historial de tus puntuaciones
No has intentado esta prueba desde el último reinicio